Smrť klerika vyvolala požiar

Poprava saudskoarabského šíitského klerika a rozpútanie nepokojov v Iráne a vo viacerých islamských krajinách. Konflikt Saudskej Arábe s Iránom a vystupňovanie napätia na Blízkom východe. Dominový efekt v praxi.

Salvato in:
Dettagli Bibliografici
Autore principale: Pressburg, Adrian Peter
Natura: Capitolo di libro
Lingua:slovacco
Soggetti:
Tags: Aggiungi Tag
Nessun Tag, puoi essere il primo ad aggiungerne!!

MARC

LEADER 00000naa a2200000 4500
001 0211419
005 20231113104755.6
041 0 |a slo 
044 |a SK 
245 1 0 |a Smrť klerika vyvolala požiar  |c Adrian Peter Pressburg 
520 |a Poprava saudskoarabského šíitského klerika a rozpútanie nepokojov v Iráne a vo viacerých islamských krajinách. Konflikt Saudskej Arábe s Iránom a vystupňovanie napätia na Blízkom východe. Dominový efekt v praxi. 
610 2 0 |a náboženstvo 
610 2 0 |a islam 
610 2 0 |a konflikty náboženské 
610 2 0 |a politika 
610 2 0 |a diplomacia 
610 2 0 |a politika medzinárodná 
610 2 0 |a ropa 
610 2 0 |a Blízky východ 
610 2 0 |a Irán 
610 2 0 |a Saudská Arábia 
100 1 |a Pressburg, Adrian Peter